• 首页
  • 本馆介绍
  • 公告通知
  • 最新文献
  • 馆藏检索
  • 电子资源
  • 读者导购
  • 参考咨询
  • 我的图书馆
  • 登录
  • 详细信息显示
  • 放入我的书架
  • 预约/预借图书
  • 作者相关作品
  • 分类相关作品
  • 丛书相关作品
  • 出版社相关作品

书目信息

  • 表格格式
  • 工作单格式
  • 卡片格式
题名:
物业管理典型案例与分析
    
 
作者: 戴玉林 , 王媚莎 编
分册:  
出版信息: 北京   化学工业出版社  2009
页数: 402页
开本: 21cm
丛书名:
单 册:
中图分类: F299.23 , F299.233.3
科图分类:
主题词: 物业管理--案例--分析--中国 , 物业管理
电子资源:
ISBN: 978-7-5025-8111-4
000 00869nam0 2200253 45
005 20100303110557.76
010    @a978-7-5025-8111-4@dCNY22.00
100    @a20100121e2009 em y0chiy0110 ea
101 0  @achi
102    @aCN@b110000
105    @ay z 000yy
106    @ar
200 1  @a物业管理典型案例与分析@AWu Ye Guan Li Dian Xing An Li Yu Fen Xi@f戴玉林,王媚莎编@FDai Yu Lin, Wang Mei Sha Bian
210    @a北京@c化学工业出版社@d2009
215    @a402页@d21cm
330    @a本书所收案例分为物业管理概论、物业管理企业、人力资源管理、物业公共费用管理、物业风险管理、物业的区分所有权等十二类。
606 0  @a物业管理@x案例@x分析@y中国
606 0  @a物业管理
690    @aF299.23@v4
690    @aF299.233.3@v4
701  0 @a戴玉林@ADai Yu Lin@4编
701  0 @a王媚莎@AWang Mei Sha@4编
801  0 @aCN@bTANGWEI@c20100303
905    @b0585139-43@dF299.23@e773@f5
    
    物业管理典型案例与分析/戴玉林,王媚莎编.-北京:化学工业出版社,2009
    402页;21cm
    
    
    ISBN 978-7-5025-8111-4:CNY22.00
    本书所收案例分为物业管理概论、物业管理企业、人力资源管理、物业公共费用管理、物业风险管理、物业的区分所有权等十二类。
●
相关链接 在E读中查询图书 在五车中查询图书 在当当中查询图书 在豆瓣中查询图书


正题名:物业管理典型案例与分析     索取号:F299.23/773         预约/预借

序号 登录号 条形码 馆藏地/架位号 状态 备注
1 0585139   205851390   第一样本阅览室/ [索取号:F299.23/773] 在馆    
2 0585140   205851407   第一借阅区/ [索取号:F299.23/773] 在馆    
3 0585141   205851416   第一借阅区/ [索取号:F299.23/773] 在馆    
4 0585142   205851425   第一借阅区/ [索取号:F299.23/773] 在馆    
5 0585143   205851434   密集书库-海洋学院/ [索取号:F299.23/773] 在馆    
唐山师范学院图书馆 欢迎您!
大连网信软件有限公司© 版权所有